000 00568nam a2200169Ia 4500
999 _c37085
_d37085
003 OSt
005 20210123125746.0
008 190216s9999||||xx |||||||||||||| ||und||
020 _a9780070151956
040 _coclc
082 _a428.076
_bPRA/O
100 _aPrasad, Hari Mohan
_98405
245 0 _aObjective English For Competitive Examinations /
_cHari Mohan Prasad ; Uma Rani Sinha
260 _bTata Mcgraw-Hill Education Private Limited,
_c2010.
_aNew Delhi:
650 _aReferences
942 _cREF
_2ddc
_h428.076
_iPRA/O
_k428.076
_mPRA/O